000 00582nam a2200241Ia 4500
003 OSt
005 20221005131236.0
006 a|||||r|||| 00| 0
007 ta
008 221004b |||||||| |||| 00| 0 eng d
024 _a39532
037 _cTextual
040 _aCRL
_cCRL
_beng
041 _2eng
_aeng
082 _aO:3M66x, H0
100 _aWells H G
245 0 _aShort stories
260 _c1940
490 _aTeaching of English series
650 _aENGLISH LITERATURE
942 _hO:3M66x, H0
_cTEXL
_2cc
999 _c1059733
_d1059733